Представление документа в формате MARC21

ПолеНазваниеЗначение
  Тип записи a
  Библиографический уровень m
001 Контрольный номер RU\infra-m\znanium\bibl\2218416
005 Дата корректировки 20260429142333.4
008 Кодируемые данные 250723s2025 RU g rus u
020 Индекс ISBN __
a ISBN 978-5-91768-491-8
020 Индекс ISBN __
a ISBN 978-5-16-101337-3 (электр. издание)
020 Индекс ISBN __
a ISBN 978-5-16-009829-6 (ISBN соиздателя)
040 Источник каталогиз. __
a Служба первич. каталог. Общество с ограниченной ответственностью «ЗНАНИУМ»
041 Код языка издания __
a Код языка текста rus
044 Код страны публикации __
a Код страны публикации RU
080 Индекс УДК __
a Индекс УДК 340.1
084 Индекс другой классификации/Индекс ББК __
2 Источник индекса rubbk
a Индекс другой классификации/Индекс ББК 67.0
084 Индекс другой классификации/Индекс ББК __
2 Источник индекса okso
a Индекс другой классификации/Индекс ББК 40.03.01
084 Индекс другой классификации/Индекс ББК __
2 Источник индекса okso
a Индекс другой классификации/Индекс ББК 41.03.01
084 Индекс другой классификации/Индекс ББК __
2 Источник индекса okso
a Индекс другой классификации/Индекс ББК 41.03.06
084 Индекс другой классификации/Индекс ББК __
2 Источник индекса okso
a Индекс другой классификации/Индекс ББК 44.03.05
100 Автор __
a Автор Захарцев С.И.
q Полное имя Захарцев Сергей Иванович
u Дополнение Военная ордена Жукова академия войск национальной гвардии Российской Федерации
245 Заглавие __
a Заглавие Некоторые проблемы теории и философии права
b Продолж. заглавия Монография
c Ответственность Военная ордена Жукова академия войск национальной гвардии Российской Федерации; Санкт-Петербургский университет Министерства внутренних дел России
250 Сведения об издании __
a Основные сведения об издании 1
260 Выходные данные __
a Место издания Москва
b Издательство ООО "Юридическое издательство Норма"
c Дата издания 2026
300 Физическое описание __
a Объем 208 с.
520 Аннотация __
a Аннотация Книга посвящена рассмотрению отдельных актуальных проблем теории и философии права. В ней исследуются предмет философии права роль диалектического метода в ее познании содержание права правосознание и его деформация проблемы правовой науки и пути их решения правовой прогресс и др. Выдвигаются новые идеи и предложения. Особое внимание обращается на новые вызовы человечеству в виде незащищенности от информационного насилия и распространения биомедицинских экспериментов. Для научных работников преподавателей аспирантов студентов а также всех кто интересуется проблемами права и философии права.
521 Примеч. о цел. назн. __
a Примеч. о целев. назн. Дополнительное профессиональное образование
650 Тематические рубрики __
a Основная рубрика Право. Юридические науки
x Основная подрубрика Философия и социология права
655 Указ. предметных рубрик (устаревшее) __
a Жанр/ форма (устаревшее) Монография
700 Другие авторы __
a Другие авторы Сальников В.П.
q Полное имя Сальников Виктор Петрович
u Дополнение Военная ордена Жукова академия войск национальной гвардии Российской Федерации
856 Электронный адрес документа 4_
a Имя сервера/домена znanium.ru
m Помощь ebs_support@infra-m.ru
n Местонахождение сервера НИЦ ИНФРА-М
u URL https://znanium.ru/catalog/document?id=467637
856 Электронный адрес документа 48
a Имя сервера/домена znanium.ru
d Путь /cover/2218
f Электронное имя 2218416.jpg
q Тип электронного формата image/jpeg
u URL https://znanium.ru/cover/2218/2218416.jpg
911 __
u 0030=https://znanium.ru/catalog/document?id=467637
911 __
u 712a=Санкт-Петербургский университет Министерства внутренних дел России